000 00441nam a2200157 i 4500
001 85153
003 ES-MaACL
005 20230906175207.0
007 t|
008 041125s1909 fr ||||1| fre d
100 1 _aJoussain, André.
_967032
245 1 3 _aLe fondement psychologique de la morale /
_cAndré Joussain.
260 _aParis :
_b[s.n.],
_c1909 (
_fPh. Renouard)
300 _aVIII, 144 p. ;
_c19 cm.
852 _aES-MaACL
_jF-11925
999 _c85153
_d85153